01221 2200193 4500001002100000005001500021008004100036020001400077035001900091041000800110082000800118084001200126100001100138245020800149260007200357300003500429520046000464650010300924INLIS00000000000843220200508204400200508||||||||| | ||| |||| ||ind|| a987526630 0010-0520008432 aind0 a352 a352/UND0 aDPR RI00aUndang-undang republik Indonesia nomor 11 tahun 20006 tentang: pemerintahan Aceh: dilengkapi dengan Undang-Undang Republik Indonesia Nomor 44 Tahun 1999 tentang Keistimewaan Provinsi Daerah Istimewa Aceh aAcehbPusat pelaporan dan analisis transaksi keuangan (PPATK)c2006 aiv, 236 hal.; 20,8 cmc20,8 cm aUndang-undang ini berisikan aturan-aturan baru dalam ruang lingkup pemerintahan Aceh, seperti perluasan kewenangan pemerintah Aceh, pokok-pokok mengenai pemilihan kepala daerah, perlindungan kebudayaan dan kesenian berlandaskan nilai Islam, pelaksanaan syari'at Islam, pembentukan mahkamah syari'at, Majelis Permusyawaratan Ulama, DPRA dan DPRK, disamping hal-hal lain berkenaan dengan perekonomian, komunikasi, pertanahan, ketenagakerjaan, dan lain-lain. 0aPemerintah daerah-Undang-undang dan peraturan , Nangroe Aceh Darusalam-Undang-undang dan peraturan